| 000 | 00441nam a22001697a 4500 | ||
|---|---|---|---|
| 003 | NUST - PNEC | ||
| 005 | 20170116181108.0 | ||
| 008 | 151003b xxu||||| |||| 00| 0 eng d | ||
| 020 | _a- | ||
| 040 | _cLIBRARY | ||
| 082 | _a658.404 STU | ||
| 100 |
_912734 _aStuckenbruck, Linn C. |
||
| 245 |
_aTeam building for project managers _c Linn C.Stuckenbruck |
||
| 260 | _cc 1985 | ||
| 650 |
_912739 _aProject management _xMIS |
||
| 942 |
_2ddc _cBK |
||
| 999 |
_c69003 _d69003 |
||